000 00774nam a2200241 i 4500
001 bg
100 1 _aBELICZYŃSKI, Bartłomiej
245 1 0 _aPrzyrostowa aproksymacja funkcji za pomocą sieci neuronowych /
_cBartłomiej Beliczyński.
260 _aWarszawa :
_bOficyna Wydawnicza PW,
_c1998.
300 _a77, [1] s. :
_bwykr. ;
_c24 cm.
490 1 _aPrace Naukowe / Politechnika Warszawska. Elektryka,
_x0137-2319 ;
_vz.112
500 _aOpis wg okł.
504 _aBibliogr. s. 73-77.
650 9 _aAproksymacja
650 9 _aFunkcje
650 9 _aSieci neuronowe
830 0 _aPrace Naukowe (Politechnika Warszawska).
_pElektryka
040 _cBPK
041 0 _apl
_ben
080 _a519.65:519.7
942 _cKS
008 s pl f |000 0 pol
999 _c39109
_d39109
856 _uhttp://koha.tu.koszalin.pl/cgi-bin/koha/opac-detail.pl?biblionumber=39109
_yKatalog online BPK